00714cam a2200229 a 45000010008000000030012000080050017000200080041000370100017000780400022000950430021001170500025001380820020001631000036001832450058002192500012002772600051002893000021003405040064003616500023004256510036004483868795NUST - PNEC20170116181131.0910313s1987 pk b 001 0 eng  a 88931020  aDLCcLIBRARYdDLC aa-pk---aa-ii---00aDS480.45b.M837 198700a954.035 MUN2201 aMunawwar, Muhammad,d1923-2000.10aDimensions of Pakistan movement /cMuhammad Munawwar. a1st ed. aLahore :bInstitute of Islamic Culture,c1987. a274 p. ;c22 cm. aIncludes bibliographical references (p. 265-274) and index. 0aPakistan movement. 0aIndiaxGeneral booky1919-1947.